Countries of the Popes - Sudden Death - Statistics

General Stats
  • This quiz has been taken 1,257 times
    859 since last reset
  • The average score is 6 of 15
Answers on the Grid
Answers color-coded by a green-red scale on the quiz's grid according to % correct below.
Argentina
Australia
Belgium
Brazil
China
Croatia
Cyprus
Egypt
France
Germany
Greece
Hungary
Iraq
Italy
Japan
Jordan
Lebanon
Libya
Netherlands
North Macedonia
Palestine
Philippines
Poland
Portugal
South Africa
Spain
Syria
Turkey
United States
 
Answer Stats
Answer % Correct
Argentina
93%
Italy
66%
United States
59%
France
58%
Germany
55%
Poland
50%
Spain
41%
Greece
31%
Portugal
20%
Turkey
20%
Syria
19%
Netherlands
18%
Croatia
17%
Palestine
15%
Libya
10%
No matching quizzes found
Score Distribution
Percent of People with Each Score
Percentile by Number Answered
Your Score History
You have not taken this quiz since the last reset